000 00636nam a22002177a 4500
003 UA-OsUOA
001 75157
007 ta
008 20110506b un ||||| |||| 00| 0 ukr d
100 _aМекка О.А.
090 _a159
_bМ46
942 _cSA
040 _aUA-OsUOA
_brus
_cUA-OsUOA
_dUA-OsUOA
245 _aСоциальные технологии: диатропический подход
300 _aС.59-64
955 _a0
041 _arus
080 _a159
773 0 _w75154
_tСоциальные технологии, исследования
_dМ.
_d2010
_g5
650 7 _a1 Філософські науки
_2UDC
999 _c361454
_d361454